000 01217nam0a2200301 4500
001 RU\NLR\BIBL_A\011721023
005 20180627143640.0
010 _a978-5-9500427-9-9
_9220
021 _aRU
_bКН-П-18-033976
_9КН-П-18-2469
035 _a(NLR Aleph) 011721023
035 _a(RuMoRGB)009626373
090 _a11483430
_c11483430
100 _a20180606d2018 k y0rusy50 ca
101 0 _arus
102 _aRU
105 _aac||z|||010zy
200 1 _aВ стране Советов
_eлитературный сборник
_eк 100-летию Великой Октябрьской социалистической революции
_f[редакционная коллегия: Лайков А. Д. и др.]
210 _aУльяновск
_cКачалин Александр Васильевич
_d2018
215 _a395 с.
_cил., портр.
_d21
686 _aШ5(2=Р)64-699.9Ульяновск
_2rubbk
686 2 _aШ6(2=Р)7-94
686 2 _aШ6(2=Р)7-999
702 1 _aЛайков
_bА. Д.
_gАлександр Дмитриевич
_4340
942 _cBOOK
980 _aNB